Statistics for Countries beginning with B, S and M

Click here to take the quiz!

General Stats

  • This quiz has been taken 129 times
    (4 since last reset)
  • The average score is 44 of 62

Answer Stats

Answer% Correct
Bahamas
100%
Bahrain
100%
Bangladesh
100%
Belgium
100%
Belize
100%
Benin
100%
Bhutan
100%
Bolivia
100%
Botswana
100%
Brunei Darussalam
100%
Burkina Faso
100%
Burundi
100%
Malawi
100%
Malaysia
100%
Mali
100%
Malta
100%
Moldova
100%
Monaco
100%
Mongolia
100%
Montenegro
100%
Myanmar
100%
San Marino
100%
Slovakia
100%
Slovenia
100%
Solomon Islands
100%
Spain
100%
St Kitts and Nevis
100%
St Lucia
100%
St Vincent and the Grenadines
100%
Sweden
100%
Switzerland
100%
Syria
100%
Belarus
50%
Bosnia and Herzegovina
50%
Bulgaria
50%
Macedonia
50%
Madagascar
50%
Marshall Islands
50%
Mauritania
50%
Mauritius
50%
Mexico
50%
Micronesia (Federated States of)
50%
Mozambique
50%
Samoa
50%
Sao Tome and Principe
50%
Senegal
50%
Serbia and Montenegro
50%
Seychelles
50%
Sierra Leone
50%
Singapore
50%
South Africa
50%
South Korea
50%
South Sudan
50%
Sri Lanka
50%
Sudan
50%
Barbados
0%
Brazil
0%
Maldives
0%
Morocco
0%
Saudi Arabia
0%
Somalia
0%
Suriname
0%

Score Distribution

Percentile by Number Answered

Percent of People with Each Score

Your Score History

You have not taken this quiz since the last reset